000 00399nam a2200181Ia 4500
000 00746ngmaa2200277 a 4500
003 RNL
006 g||||fr|||| a0| fz
007 hj bfb|||baap
008 090707b ii f a fnsan d
040 _aeng
100 _aKaur, Jasvir
245 _aNaarivadi Sandarbh
260 _aDelhi
260 _bNational Book Shop
260 _c2016
942 _cBK
999 _c27225
_d27225